Statistics for 20 Most Common Surnames among Chinese Emperors

Click here to take the quiz!

General Stats

  • This quiz has been taken 61 times
  • The average score is 9 of 20

Answer Stats

#EthnicitySurname% Correct
46Han, QiangLi (李)
89%
59Han, XiongnuLiu (刘)
67%
8HanWang (王)
67%
20HanZhao (赵)
64%
23HanZhu (朱)
61%
7HanChen (陈)
50%
19XianbeiYuan (元)
50%
12ManchuAisingoro (爱新觉罗)
42%
5HanCao (曹)
42%
9JieShi (石)
42%
6HanYang (杨)
42%
16HanSima (司马)
39%
6DiFu (苻)
31%
10JurchenWanggiyan (完颜)
31%
13KhitanYarud (耶律)
31%
19HanXiao (萧)
28%
13MongolBorjigin (孛儿只斤)
25%
8(Xianbei-influenced) HanGao (高)
25%
5XianbeiYuwen (宇文)
25%
15XianbeiMuren (慕容)
22%

Score Distribution

Percentile by Number Answered

Percent of People with Each Score

Your Score History

You have not taken this quiz